អវតារបស់ព្រះវិស្ណុ / (Record no. 1305)
[ view plain ]
| 000 -LEADER | |
|---|---|
| fixed length control field | 01867nam a22002897a 4500 |
| 005 - DATE AND TIME OF LATEST TRANSACTION | |
| control field | 20230814111622.0 |
| 020 ## - INTERNATIONAL STANDARD BOOK NUMBER | |
| International Standard Book Number | 9789924340195 |
| 040 ## - CATALOGING SOURCE | |
| Original cataloging agency | FISKH |
| Language of cataloging | eng |
| Transcribing agency | FISKH |
| Modifying agency | FISKH |
| 082 ## - DEWEY DECIMAL CLASSIFICATION NUMBER | |
| Classification number | 294.5211 |
| 100 ## - MAIN ENTRY--PERSONAL NAME | |
| Personal name | Pisey, Imm |
| 245 ## - TITLE STATEMENT | |
| Title | អវតារបស់ព្រះវិស្ណុ / |
| Statement of responsibility, etc. | អ៊ឹម ពិសី |
| 250 ## - EDITION STATEMENT | |
| Edition statement | បោះពុម្ពលើកទី ២ ខែមិថុនា ឆ្នាំ ២០២១ |
| 260 ## - PUBLICATION, DISTRIBUTION, ETC. | |
| Place of publication, distribution, etc. | Phnom Penh : |
| Name of publisher, distributor, etc. | Sipar, |
| Date of publication, distribution, etc. | 2021. |
| 300 ## - PHYSICAL DESCRIPTION | |
| Extent | 35 pages : |
| Other physical details | color illustrations ; |
| Dimensions | 19 cm |
| 490 ## - SERIES STATEMENT | |
| Series statement | ខ្ញុំអានបាន |
| Volume/sequential designation | ភាគ ១ |
| 505 ## - FORMATTED CONTENTS NOTE | |
| Formatted contents note | Y <br/><br/> |
| 520 ## - SUMMARY, ETC. | |
| Summary, etc. | ដើម្បីស្រោចស្រង់ផែនដីឳ្យរួចផុតពី ការជិះជាន់ និងការវាយប្រហារពីអសុរ ឬអំពើអាក្រក់ទាំងឡាយ ព្រះវិស្ណុបានបញ្ជូនអវតារបស់ទ្រង់ឳ្យមកផែនដី។ អវតាទាំងនោះមាន មត្ស្យា កូម៍ៈ វរាហៈ នរសិង្ហ វាមនៈ បរសុរាម ព្រះរាម ក្រឹស្ណៈ និងកល្កិន។ |
| 520 ## - SUMMARY, ETC. | |
| Summary, etc. | To save the earth from oppression and attack from evil or devil, Vishnu sent his incarnation to earth. Those avatars are Matsyakom, Varaha, Norasingha, Vamanak, Bor Suram, Preah Ream, Krishna and Kalkin. |
| 521 ## - TARGET AUDIENCE NOTE | |
| Target audience note | 890 <br/> |
| Source | Lexile estimate <br/> |
| 521 ## - TARGET AUDIENCE NOTE | |
| Target audience note | Y <br/> |
| Source | Raz-Plus <br/><br/> |
| 650 ## - SUBJECT ADDED ENTRY--TOPICAL TERM | |
| Topical term or geographic name entry element | ព្រះវិស្ណុ |
| Form subdivision | អវតា |
| General subdivision | ការជិះជាន់ |
| Chronological subdivision | អសុរ |
| 650 ## - SUBJECT ADDED ENTRY--TOPICAL TERM | |
| Topical term or geographic name entry element | Visnu |
| Form subdivision | incarnation |
| General subdivision | Oppression |
| Chronological subdivision | Evil |
| 700 ## - ADDED ENTRY--PERSONAL NAME | |
| Personal name | Pisey, Imm |
| Titles and other words associated with a name | illustrator |
| 942 ## - ADDED ENTRY ELEMENTS (KOHA) | |
| Source of classification or shelving scheme | Dewey Decimal Classification |
| Koha item type | Books |
| Suppress in OPAC | No |
| 999 ## - | |
| -- | 1305 |
| -- | 1305 |
| Withdrawn status | Lost status | Source of classification or shelving scheme | Damaged status | Not for loan | Collection | Home library | Current library | Shelving location | Date acquired | Total Checkouts | Full call number | Barcode | Date last seen | Copy number | Price effective from | Koha item type |
|---|---|---|---|---|---|---|---|---|---|---|---|---|---|---|---|---|
| Dewey Decimal Classification | Khmer Language Books / សៀវភៅភាសាខ្មែរ | Footprints International School Library Network Toul Kork Campus | Footprints International School Library Network Toul Kork Campus | TK Campus, Room B402, Khmer Book Case 16, Shelves 112-123 / ទូរសៀវភៅខ្មែរលេខ ១៦ ធ្នើរ ១១២ ដល់ ១២៣ បន្ទប់ B402 សាខាទួលគោក | 08/14/2023 | PIS 294.5211 | 2023-0249 | 08/14/2023 | 1 | 08/14/2023 | Books | |||||
| Dewey Decimal Classification | Khmer Language Books / សៀវភៅភាសាខ្មែរ | Footprints International School Library Network Toul Tom Poung Campus | Footprints International School Library Network Toul Tom Poung Campus | TTP Secondary Khmer Bookshelves | 08/14/2023 | PIS 294.5211 | 2023-0250 | 08/14/2023 | 2 | 08/14/2023 | Books |
